Theory of cookery (Record no. 420011)

MARC details
000 -LEADER
fixed length control field 00342nam a2200157Ia 4500
008 - FIXED-LENGTH DATA ELEMENTS--GENERAL INFORMATION
fixed length control field 230605s1994 xx 000 0 und d
041 ## - LANGUAGE CODE
Language code of text/sound track or separate title eng
100 ## - MAIN ENTRY--PERSONAL NAME
Personal name Arora
245 ## - TITLE STATEMENT
Title Theory of cookery
260 ## - PUBLICATION, DISTRIBUTION, ETC.
Name of publisher, distributor, etc. Frank Brothers & Co.
Date of publication, distribution, etc. 1994
300 ## - PHYSICAL DESCRIPTION
Extent 303p
365 ## - TRADE PRICE
Tax rate 1 15
520 ## - SUMMARY, ETC.
Summary, etc. General
520 ## - SUMMARY, ETC.
Summary, etc. Hard Board
650 ## - SUBJECT ADDED ENTRY--TOPICAL TERM
Topical term or geographic name entry element F.Pro

No items available.